Library Banner

Yorston, smyth and Brown advanced accounting (Record no. 12268)

MARC details
000 -LEADER
fixed length control field 00580nam a2200217Ia 4500
001 - CONTROL NUMBER
control field 11378
008 - FIXED-LENGTH DATA ELEMENTS--GENERAL INFORMATION
fixed length control field 140331s9999 xx 000 0 und d
020 ## - INTERNATIONAL STANDARD BOOK NUMBER
International Standard Book Number 0-455-20799-2
040 ## - CATALOGING SOURCE
Transcribing agency PK-LaUMT
082 ## - DEWEY DECIMAL CLASSIFICATION NUMBER
Classification number 657.046
Item number SMY-A
100 ## - MAIN ENTRY--PERSONAL NAME
Personal name Kenley, W. John
245 ## - TITLE STATEMENT
Title Yorston, smyth and Brown advanced accounting
Statement of responsibility, etc Kenley, W. John<>Smyth, E. Bryan<>Syme, Barbara
250 ## - EDITION STATEMENT
Edition statement 10th
260 ## - PUBLICATION, DISTRIBUTION, ETC. (IMPRINT)
Place of publication, distribution, etc New York,USA:
Name of publisher, distributor, etc Lexington Books,
Date of publication, distribution, etc 1988
300 ## - PHYSICAL DESCRIPTION
Extent 799 p.
546 ## - LANGUAGE NOTE
Language note EN
650 ## - SUBJECT ADDED ENTRY--TOPICAL TERM
Topical term or geographic name as entry element Accounting
700 ## - ADDED ENTRY--PERSONAL NAME
Personal name Smyth, E. Bryan
700 ## - ADDED ENTRY--PERSONAL NAME
Personal name Syme, Barbara
942 ## - ADDED ENTRY ELEMENTS (KOHA)
Koha item type Books
Holdings
Withdrawn status Lost status Damaged status Not for loan Home library Current library Date acquired Total Checkouts Full call number Barcode Date last seen Price effective from Koha item type
        UMT Main Campus UMT Main Campus 2014-03-31   657.046 SMY-A 13051 2014-04-21 2014-04-21 Books